000
00211nam a22000977a 4500
999
_c
16098
_d
16098
003
OSt
008
191106b ||||| |||| 00| 0 eng d
100
_a
Ezhuthachan,K S.
_9
4544
245
_a
Veerahoothi
942
_c
BK